01142nam a2200229 a 450000100100000000500170001000800410002704000250006808200160009310000360010924501530014526000470029830000280034550400730037350400280044670000490047404900090052395201290053295201140066195201200077599900170089500002713820240319121127.0110329s1998 dr a 000 0 spa d aDO-SdBNPbspacBNPHU axxxxbD352m1 aDelgado Bogaert, Ramón95420110aMusié Bogaert :bun ingeniero belga-flamenco al servicio de la República Dominicana /cRamón Delgado Bogaert ; prólogo Rafael Emilo Yunén. aSanto Domingo :bEditorial Padilla,c1998. a357 p. :bil. ;c29 cm. aIncluye referencias bibliográficas y notas al pie de las páginas aBibliografía : p. 3571 aYunén, Rafael Emiliod1952-epról.92304 aBNPD 001054708DSaGRbGRcCTd2011-04-19iLF1l0oxxxx D352mp27138-30r2020-06-25te. 3w2020-06-25yLFDSZPréstamo en sala 0010718PDaPDbPDcCTd2011-03-29iLF1l0oxxxx D352mp27138-10r2020-06-25w2020-06-25yLFPDZNo se presta 0010718PDaPDbPDcCTd2011-03-31iLF1l0oxxxx D352mp27138-20r2020-06-25te. 2w2020-06-25yLFPDZNo se presta c26630d26630